Remote sensing and image interpretation. Ed 7 (Record no. 43227)

MARC details
000 -LEADER
fixed length control field 00463nam a2200169Ia 4500
020 ## - INTERNATIONAL STANDARD BOOK NUMBER
ISBN 9781118343289
082 ## - DEWEY DECIMAL CLASSIFICATION NUMBER
Classification number 528
Item number LIL
100 ## - MAIN ENTRY--AUTHOR NAME
Personal name Lillesand, Thomas M
245 #0 - TITLE STATEMENT
Title Remote sensing and image interpretation. Ed 7
250 ## - EDITION STATEMENT
Edition statement 7
260 ## - PUBLICATION, DISTRIBUTION, ETC. (IMPRINT)
Place of publication New Jersey
Name of publisher John Wiley & sons
Year of publication 2015
300 ## - PHYSICAL DESCRIPTION
Number of Pages 719p.
650 ## - SUBJECT ADDED ENTRY--TOPICAL TERM
Topical Term Geographic Information Systems
650 ## - SUBJECT ADDED ENTRY--TOPICAL TERM
Topical Term Remote sensing applications
942 ## - ADDED ENTRY ELEMENTS (KOHA)
Koha item type Books
Holdings
Withdrawn status Lost status Damaged status Not for loan Home library Current library Date acquired Cost, normal purchase price Full call number Accession Number Koha item type
        RRII Library RRII Library 16/12/2021 201.95 528 LIL 23493 Books